000 01024nam a2200193 a 4500
008 150123s2014 ||||||||||||||||| || u
050 _aUNCTAD(08)STLP/1
110 _aUnited Nations Conference on Trade and Development (UNCTAD)
245 1 0 _aPart I: Maritime piracy: an overview of trends, costs and trade-related implication
_cby United Nations Conference on Trade And Development (UNCTAD)
260 _aNew York:
_bUnited Nations Conference on Trade and Development (UNCTAD)
_c2014
300 _aviii, 39p.: ill.
362 1 _aAlso includes Part II
490 _aStudies in Transport Law and Policy
650 _aPIRACY--PREVENTION
650 _aPIRACY--ECONOMIC ASPECTS
650 _aMARITIME (INTERNATIONAL LAW) PIRACY)
995 _FCBU-MAIN LIBRARY (Kitwe)
_M2
_UAVAILABLE
_WJul 21, 2015
_ZInternational Publications
995 _FCBU-MAIN LIBRARY (Kitwe)
_M1
_UAVAILABLE
_WJan 26, 2015
_ZInternational Publications
999 _c81742
_d81742